<?xml version="1.0" encoding="UTF-8"?>
<record
    xmlns:xsi="http://www.w3.org/2001/XMLSchema-instance"
    xsi:schemaLocation="http://www.loc.gov/MARC21/slim http://www.loc.gov/standards/marcxml/schema/MARC21slim.xsd"
    xmlns="http://www.loc.gov/MARC21/slim">

  <leader>00524nam a22001817a 4500</leader>
  <controlfield tag="003">OSt</controlfield>
  <controlfield tag="005">20140310181754.0</controlfield>
  <controlfield tag="008">130629t        xxu||||| |||| 00| 0 eng d</controlfield>
  <datafield tag="020" ind1=" " ind2=" ">
    <subfield code="a">9716300549</subfield>
  </datafield>
  <datafield tag="050" ind1=" " ind2=" ">
    <subfield code="a">PL 5535</subfield>
    <subfield code="b">.B641 1996</subfield>
  </datafield>
  <datafield tag="082" ind1=" " ind2=" ">
    <subfield code="a">FIL 899.2103 </subfield>
    <subfield code="b">B59 1996</subfield>
  </datafield>
  <datafield tag="100" ind1=" " ind2=" ">
    <subfield code="a">Blanco, Marivi Soliven </subfield>
  </datafield>
  <datafield tag="245" ind1=" " ind2=" ">
    <subfield code="a">The Case of the crime-catching camcorder / </subfield>
    <subfield code="c">Marivi Soliven Blanco.</subfield>
  </datafield>
  <datafield tag="260" ind1=" " ind2=" ">
    <subfield code="a">Manila : </subfield>
    <subfield code="b">Tahanan Books for Young Readers, </subfield>
    <subfield code="c">1996.</subfield>
  </datafield>
  <datafield tag="300" ind1=" " ind2=" ">
    <subfield code="a">76 p. :</subfield>
    <subfield code="c">20 cm. </subfield>
  </datafield>
  <datafield tag="942" ind1=" " ind2=" ">
    <subfield code="2">lcc</subfield>
    <subfield code="c">BK</subfield>
  </datafield>
  <datafield tag="999" ind1=" " ind2=" ">
    <subfield code="c">3367</subfield>
    <subfield code="d">3367</subfield>
  </datafield>
  <datafield tag="952" ind1=" " ind2=" ">
    <subfield code="0">0</subfield>
    <subfield code="1">0</subfield>
    <subfield code="2">lcc</subfield>
    <subfield code="4">0</subfield>
    <subfield code="a">LUX</subfield>
    <subfield code="b">LUX</subfield>
    <subfield code="c">FIL</subfield>
    <subfield code="d">2013-06-29</subfield>
    <subfield code="l">0</subfield>
    <subfield code="o">PL 5542 .B641 1996</subfield>
    <subfield code="p">4056</subfield>
    <subfield code="r">2015-05-27 00:00:00</subfield>
    <subfield code="t">1</subfield>
    <subfield code="w">2014-03-10</subfield>
    <subfield code="y">BK</subfield>
  </datafield>
</record>
